| 000 | 00494nam a2200181Ia 4500 | ||
|---|---|---|---|
| 005 | 20251219143243.0 | ||
| 008 | 231207s9999 xx 000 0 und d | ||
| 020 | _a9780851707464 | ||
| 040 | _cPK-LaNCA | ||
| 082 |
_a791.43 _bUSA |
||
| 100 | _aUsai, Paolo Cherchi | ||
| 245 | 0 | _aSilent cinema : an introduction | |
| 260 |
_bBritish Film Institute _aLondon _c2000 |
||
| 300 |
_axix, 212p _bill |
||
| 546 | _aEnglish | ||
| 650 | _aSilent films. Motion pictures--History. FTV. | ||
| 942 | _cF&TV | ||
| 999 |
_c19640 _d19640 |
||